| 000 | 00724nam a2200241 a 4500 | ||
|---|---|---|---|
| 001 | 000021068 | ||
| 005 | 20240530073919.0 | ||
| 008 | 100830s2001 dr r 001 f spa d | ||
| 020 | _a9993432156 | ||
| 020 | _a9993432156 | ||
| 040 |
_aDO-SdBNP _bspa _cBNPHU |
||
| 082 |
_aRD863.3 _bB719m, 2001 |
||
| 100 | 1 |
_aBonĂ³, Pedro Francisco, _d1828-1906 _91351 |
|
| 245 | 1 | 3 |
_aEl montero / _cPedro Francisco BonĂ³. |
| 260 |
_aSanto Domingo : _bCole, _c2001. |
||
| 300 |
_a98 p. ; _c18 cm. |
||
| 490 | 1 |
_aLectura breve _v4 |
|
| 590 | _aInventariado, 2019 / DG | ||
| 650 | 0 |
_aNovela dominicana _9223 |
|
| 650 | 0 |
_aLiteratura dominicana. _967 |
|
| 830 | 0 |
_aLectura Breve _n4 _944057 |
|
| 910 | _aValidado. Control de calidad. MMOLINA | ||
| 999 |
_c20571 _d20571 |
||